LEADER 01490nam 2200349 n 450 001 996394738503316 005 20200824121821.0 035 $a(CKB)4940000000122613 035 $a(EEBO)2240885252 035 $a(UnM)ocm99886739e 035 $a(UnM)99886739 035 $a(EXLCZ)994940000000122613 100 $a19980204d1685 uh 101 0 $aeng 135 $aurbn||||a|bb| 200 10$aBy the King, a proclamation for continuing the collection of the customs and subsidies of tonnage and poundage$b[electronic resource] 210 $aLondon $cprinted by the assigns of John Bill deceas'd: and by Henry Hills, and Thomas Newcomb, printers to the Kings most excellent Majesty$d1684. [i.e. 1685] 215 $a1 sheet ([1] p.) 300 $a"Until a Parliament can be called collectors are to go on collecting customs and subsidies of tonnage and poundage, &c., for revenue." -- Steele. 300 $aImprint year given according to Lady Day dating. 300 $aSteele notation: to and all; Arms 97. 300 $aReproduction of original in the British Library. 330 $aeebo-0018 606 $aTariff$zEngland$vEarly works to 1800 615 0$aTariff 701 $aJames$cKing of England,$f1633-1701.$01001114 801 0$bCu-RivES 801 1$bCu-RivES 906 $aBOOK 912 $a996394738503316 996 $aBy the King, a proclamation for continuing the collection of the customs and subsidies of tonnage and poundage$92316641 997 $aUNISA